书目信息 |
| 题名: |
军事心理学导论
|
|
| 作者: | 克罗宁 主编 ;王京生 主译 | |
| 分册: | ||
| 出版信息: | 中国 中国轻工业出版社 2006.08 |
|
| 页数: | 12, 305页 | |
| 开本: | 21cm | |
| 丛书名: | 军事心理学系列 | |
| 单 册: | ||
| 中图分类: | E0-051 | |
| 科图分类: | ||
| 主题词: | 军事心理学--jun shi xin li xue--概论 | |
| 电子资源: | ||
| ISBN: | 7-5019-5527-1 | |
| 000 | 01251nam 2200289 450 | |
| 001 | 012007376297 | |
| 005 | 20071130102401.51 | |
| 010 | @a7-5019-5527-1@dCNY35.00 | |
| 100 | @a20071130d2006 km y0chi0120 ea | |
| 101 | 1 | @achi@ceng |
| 102 | @aCN@b110000 | |
| 105 | @ay z 000yy | |
| 106 | @ar | |
| 200 | 1 | @a军事心理学导论@Ajun shi xin li xue dao lun@d= Military psychology : an introduction@f(美) Christopher Cronin主编@F(mei)Christopher Cronin zhu bian@g王京生主译@Gwang jing sheng zhu yi@zeng |
| 210 | @a中国@c中国轻工业出版社@d2006.08 | |
| 215 | @a12, 305页@d21cm | |
| 225 | 2 | @a军事心理学系列@Ajun shi xin li xue xi lie |
| 314 | @aChristopher Cronin,"作者简介"题:克里斯托弗·克罗尼(Christopher J.Cronin) | |
| 330 | @a本书反映了军事心理学的全貌,是一部介绍当代国际军事心理学发展现状的入门书。具体内容包括军事心理学概述、军事环境中的心理学研究、军队人员的选拔与分类等十四个章节。 | |
| 410 | 0 | @12001 @a军事心理学系列 |
| 500 | 10 | @aMilitary psychology : an introduction@mChinese |
| 606 | 0 | @a军事心理学@Ajun shi xin li xue@x概论 |
| 690 | @aE0-051@v4 | |
| 701 | 1 | @a克罗宁@Ake luo ning@g(Cronin, Christopher)@4主编 |
| 702 | 0 | @a王京生@Awang jing sheng@4主译 |
| 801 | 0 | @aCN@bQSSK@c20071130 |
| 905 | @b268935-37@dE0-051@eK664@f3 | |
| 军事心理学导论= Military psychology : an introduction/(美) Christopher Cronin主编/王京生主译.-中国:中国轻工业出版社,2006.08 |
| 12, 305页;21cm.-(军事心理学系列) |
| ISBN 7-5019-5527-1:CNY35.00 |
| 本书反映了军事心理学的全貌,是一部介绍当代国际军事心理学发展现状的入门书。具体内容包括军事心理学概述、军事环境中的心理学研究、军队人员的选拔与分类等十四个章节。 |
| ● |
| 相关链接 |
|
|
|
正题名:军事心理学导论
索取号:E0-051/K664
 
预约/预借
| 序号 | 登录号 | 条形码 | 馆藏地/架位号 | 状态 | 备注 |
| 1 | 268935 | 202689359 | 社科库509/509社科库 112排2列6层/ [索取号:E0-051/K664] | 在馆 | |
| 2 | 268936 | 202689368 | 社科库509/509社科库 112排2列6层/ [索取号:E0-051/K664] | 在馆 | |
| 3 | 268937 | 202689377 | 社科库509/509社科库 112排2列6层/ [索取号:E0-051/K664] | 在馆 |